| 000 | 00563nam a22001937a 4500 | ||
|---|---|---|---|
| 003 | OSt | ||
| 005 | 20251201134142.0 | ||
| 008 | 251201b |||||||| |||| 00| 0 eng d | ||
| 020 | _a978-971-43-2807-5 | ||
| 040 |
_aDWCL - Main _cOC |
||
| 082 | _aF A613a 2014 | ||
| 100 |
_aTodd, Anna _eAuthor |
||
| 245 |
_aAfter / _cAnna Todd |
||
| 260 |
_aQuezon City, Philippines: _bBookware Publishing Corporation, _cc2014. |
||
| 300 |
_a464 pages: _billustration; _c20cm. |
||
| 650 | _a1. Fiction -- Love Stories | ||
| 650 | _a2. College Stories | ||
| 942 |
_2ddc _cFIC. _n0 |
||
| 999 |
_c6658 _d6658 |
||